000 00718nam a2200217Ii 4500
003 JO-AjNU
008 230605s9999||||xx |||||||||||||| ||und||
017 _a2007/8/2525
040 _aJO-AjNU
_bara
_erda
_cJO-AjNU
041 _aara
050 1 4 _aRJ502.3.B887 2008
100 3 _aبطرس ، بطرس حافظ,
_eauthor
_945068
245 0 0 _aالتكيف والصحة النفسية للطفل
250 _aط6
264 3 1 _aعمان:دار المسيرة للنشر ، 2008
300 _a576ص
336 _atext
_btxt
_2rdacontent
337 _aunmediated
_bn
_2rdamedia
338 _avolume
_bnc
_2rdacarrier
650 4 _aالتربية الخاصة - اضطرابات السلوكية -السلوك
_945069
999 _aA19509
_c23077
_d23077